| 000 | 00439nam a22001577a 4500 | ||
|---|---|---|---|
| 003 | SGT | ||
| 020 | _a9789350145715 | ||
| 082 | _a624.1821,CHA | ||
| 100 | _aCHANDAK, N.R. | ||
| 245 | _aDESIGN STEEL STRUCTURES | ||
| 260 |
_aNEW DELHI _bS. K. KATARIA & SONS _c2015 |
||
| 300 | _a455 | ||
| 650 | _aCIVIL ENGINEERING | ||
| 653 | _aSIMPLE CONNECTIONS RIVETED, BOLTED AND PINNED CONNECTIONS,WELDING AND WELDED CONNECTIONS | ||
| 942 |
_2ddc _cBK |
||
| 999 |
_c9734 _d9734 |
||